Diálogo sobre el futuro de la ciencia del derecho eclesiástico en España: trabajos de la reunión organizada por el Instituto Martín de Azpilcueta

Enregistré dans:
Détails bibliographiques
Auteur principal: Otaduy, Jorge (Auteur)
Format: Livre
Langue:espagnol
Publié: Pamplona Navarra Gráfica 2001
Sujets:
Tags: Ajouter un tag
Pas de tags, Soyez le premier à ajouter un tag!

MARC

LEADER 00000nam a2200000 a 4500
001 UCK0160
003 CL-VaPUC
005 20230801151708.0
008 040915e20010000sp 1 spa d
020 |a 8489561230 
082 0 4 |a 262.9  |b OTA  |2 21 
100 1 |a Otaduy, Jorge  |e author  |9 620626 
245 1 0 |a Diálogo sobre el futuro de la ciencia del derecho eclesiástico en España: trabajos de la reunión organizada por el Instituto Martín de Azpilcueta 
260 |a Pamplona  |b Navarra Gráfica  |c 2001 
300 |a 269 p 
583 |a last modification  |c 20190823 10:25:23  |k Rodrigo Vera 
650 0 0 |a Derecho eclesiástico  |9 255055 
650 0 7 |a DERECHO CANONICO  |2 CL-VaPUC  |9 620627 
650 0 0 |a Iglesia y Estado  |9 254995 
650 0 7 |a LIBERTAD RELIGIOSA  |2 CL-VaPUC  |9 620628 
651 0 |a España  |9 254926 
942 |c BK 
945 |a cmena  |d 20040915 00:00:00 
546 |a En Español 
536 |a Universidad de Navarra 
536 |a Instituto Martín de Azpilcueta 
518 |p Diálogo sobre el Futuro de la Ciencia del Derecho Eclesiástico en España, 1, Navarra, 26 de mayo de 2000 
999 |c 384069  |d 384067 
952 |0 0  |1 0  |4 0  |6 262_900000000000000_OTA_2001  |7 0  |8 A  |9 506504  |a BIBDER  |b BIBDER  |d 2020-01-23  |i 402172K  |o 262.9 OTA 2001  |p 402172K  |r 2023-01-25  |w 2020-01-23  |y BK  |k DER